| 000 | 00581nam a2200205 a 4500 | ||
|---|---|---|---|
| 001 | 2008 | ||
| 003 | CDMR | ||
| 005 | 20131113102710.0 | ||
| 008 | 130130s2008||||sp |||||||||||||||||spa|d | ||
| 020 | _a9788430946846 | ||
| 040 |
_aCDMR _bcat _cCPC LLEIDA |
||
| 100 | 1 |
_aLlano, Rafael _91498 |
|
| 245 | 1 | 3 |
_aLa especialización periodística _cRafael Llano |
| 260 |
_aMadrid _c2008 _bTecnos |
||
| 300 | _a619 p. | ||
| 650 | 0 | 4 |
_93330 _aPeriodisme especialitzat |
| 650 | 0 | 4 |
_92030 _aPeriodisme _xOrientació professional |
| 650 | 0 | 4 |
_94289 _aComunicació _xAspectes socials |
| 942 |
_cMON _2udc |
||
| 999 |
_c2008 _d2008 |
||